Vista normal
Vista MARC
Entrada Materia (personas)
Número de registros utilizados en: 3
001 - CONTROL NUMBER
- control field: 102005
003 - CONTROL NUMBER IDENTIFIER
- control field: Co-BoUCM
005 - DATE AND TIME OF LATEST TRANSACTION
- control field: 20201222054557.0
008 - FIXED-LENGTH DATA ELEMENTS
- fixed length control field: 201222|| aca||aabn | a|a d
040 ## - CATALOGING SOURCE
- Original cataloging agency: Co-BoUCM
- Transcribing agency: Co-BoUCM
100 ## - HEADING--PERSONAL NAME
- Personal name: Murray, A. T.
- Dates associated with a name: 1866-1940
- Fuller form of name: (Augustus Taber)
670 ## - SOURCE DATA FOUND
- Source citation: Work cat.: (Co-BoUCM): Demóstenes 1490, Demosthenes. , 1935-1936